000 00480nam a22001697a 4500
005 20251108172158.0
008 250721s1986 xx 000 0 ara d
082 1 4 _a740/يوس
100 1 _aفرنسيس، يوسف
245 1 0 _aكيف تقرأ لوحة /
264 1 _aالقاهرة :
_bالهيئة المصرية العامة للكتاب،
_c1986.
300 _a52ص
490 0 _aتبسيط الفنون
650 1 7 _aالرسم
942 _2ddc
_cBK
999 _c72419
_d72419